Race de chevaux/poneys - Statistiques

Statistiques générales
  • Ce quiz a été pris 525 fois
  • Le résultat moyen est 11 sur 28
Statistiques - réponses
Par images Réponse % Correct
Frison
87%
Pur sang arabe
85%
Fjord
71%
Appaloosa
65%
Pure race espagnole
62%
Shire
61%
Camargue
59%
Selle français
57%
Paint horse
55%
Shetland
55%
Percheron
53%
Haflinger
52%
Akhal téké
44%
Irish cob
42%
Quarter horse
39%
Pur sang anglais
34%
Lusitanien
32%
Hollandais de sang chaud
28%
Islandais
27%
Connemara
23%
Marwari
23%
Ardennais
20%
Dartmoor
20%
Lipizzan
18%
Mustang
16%
Hanovrien
6%
Saddlebred
6%
Paso fino
3%
Aucun quiz correspondant
Distribution des résultats
% des personnes avec chaque résultat
Percentile par nombre de réponses
Votre historique - résultats
Vous n’avez pas pris ce quiz